| 000 -LEADER |
| fixed length control field |
00851cas a2200229Ia 4500 |
| 040 ## - CATALOGING SOURCE |
| Transcribing agency |
CTX |
| 082 ## - DEWEY DECIMAL CLASSIFICATION NUMBER |
| Classification number |
331 UNI 1993 A064 Or. |
| 245 10 - TITLE STATEMENT |
| Title |
Human development report |
| 246 13 - VARYING FORM OF TITLE |
| Title proper/short title |
United Nations Development Programme human development report |
| 246 1# - VARYING FORM OF TITLE |
| Title proper/short title |
Human development reports |
| 246 3# - VARYING FORM OF TITLE |
| Title proper/short title |
HDR |
| 500 ## - GENERAL NOTE |
| General note |
At head of title: United Nations Development Programme |
| 500 ## - GENERAL NOTE |
| General note |
Title from title screen; viewed Mar. 21, 2000 |
| 500 ## - GENERAL NOTE |
| General note |
Electronic resource |
| 520 8# - SUMMARY, ETC. |
| Summary, etc |
Web site includes resources related to the Human development report, including national Human development reports, occasional papers, and symposia |
| 650 #0 - SUBJECT ADDED ENTRY--TOPICAL TERM |
| Topical Term |
Economic development |
| 650 #0 - SUBJECT ADDED ENTRY--TOPICAL TERM |
| Topical Term |
Quality of life |
| 650 #0 - SUBJECT ADDED ENTRY--TOPICAL TERM |
| Topical Term |
Social indicators |
| 710 2# - ADDED ENTRY--CORPORATE NAME |
| Corporate name or jurisdiction name as entry element |
United Nations Development Programme. |
| 856 40 - ELECTRONIC LOCATION AND ACCESS |
| Uniform Resource Identifier |
http://bibpurl.oclc.org/web/1940 |
| 942 ## - ADDED ENTRY ELEMENTS (KOHA) |
| Koha item type |
សៀវភៅភាសាអង់គ្លេស |
| 952 ## - LOCATION AND ITEM INFORMATION (KOHA) |
| Withdrawn status [LOCAL, KOHA] |
0 |